[Event "Benidorm Satellite preliminary"]
[Site "playchess.com #007036"]
[Date "2009.10.24"]
[Round "5"]
[White "MichelS"]
[Black "Rubirov"]
[Result "1-0"]
[WhiteElo "1794"]
[BlackElo "1502"]
[PlyCount "53"]
[EventDate "2009.10.24"]
[EventType "swiss (blitz)"]

1. d4 {[%emt 0:00:02]} Nf6 {[%emt 0:00:02]} 2. c4 {[%emt 0:00:02]} g6 {[%emt 0:
00:02]} 3. Nc3 {[%emt 0:00:01]} d5 {[%emt 0:00:02]} 4. Bf4 {[%emt 0:00:02]} Bg7
{[%emt 0:00:08]} 5. e3 {[%emt 0:00:01]} c5 {[%emt 0:00:09]} 6. dxc5 {[%emt 0:
00:02]} Qa5 {[%emt 0:00:04]} 7. Rc1 {[%emt 0:00:01]} dxc4 {[%emt 0:00:04]} 8.
Bxc4 {[%emt 0:00:04]} O-O {[%emt 0:00:03]} 9. Nge2 {[%emt 0:00:02]} Qxc5 {
[%emt 0:00:11]} 10. Qb3 {[%emt 0:00:01]} Nc6 {[%emt 0:00:11]} 11. Nb5 {[%emt 0:
00:08]} Qh5 {[%emt 0:01:00]} 12. Ng3 {[%emt 0:00:06]} Qh4 {[%emt 0:00:17]} 13.
Nc7 {[%emt 0:00:22]} Na5 {[%emt 0:00:03]} 14. Qb4 {[%emt 0:00:54]} Nxc4 {[%emt
0:00:04]} 15. Rxc4 {[%emt 0:00:03]} a5 {[%emt 0:00:09]} 16. Qxe7 {[%emt 0:00:
10]} Be6 {[%emt 0:00:11]} 17. Nxe6 {[%emt 0:00:16]} fxe6 {[%emt 0:00:07]} 18.
Qxe6+ {[%emt 0:00:01]} Kh8 {[%emt 0:00:04]} 19. Bd6 {[%emt 0:00:04]} Rfe8 {
[%emt 0:00:14]} 20. Qxe8+ {[%emt 0:00:07]} Rxe8 {[%emt 0:00:05]} 21. Rxh4 {
[%emt 0:00:01]} Rc8 {[%emt 0:00:04]} 22. O-O {[%emt 0:00:05]} Nd5 {[%emt 0:00:
16]} 23. Rd1 {[%emt 0:00:07]} Bxb2 {[%emt 0:00:11]} 24. Rxd5 {[%emt 0:00:04]}
Rc1+ {[%emt 0:00:01]} 25. Nf1 {[%emt 0:00:01]} Bf6 {[%emt 0:00:08]} 26. Be5 {
[%emt 0:00:06] .} Bxe5 {[%emt 0:00:03]} 27. Rxe5 {[%emt 0:00:01] Tiempo} 1-0

[Event "Benidorm Satellite preliminary"]
[Site "playchess.com #007036"]
[Date "2009.10.24"]
[Round "5"]
[White "Roefe"]
[Black "Hatimati"]
[Result "0-1"]
[WhiteElo "1741"]
[BlackElo "2474"]
[PlyCount "74"]
[EventDate "2009.10.24"]
[EventType "swiss (blitz)"]

1. d4 {[%emt 0:00:02]} Nf6 {[%emt 0:00:09]} 2. c4 {[%emt 0:00:02]} a6 {[%emt 0:
00:02]} 3. Nf3 {[%emt 0:00:01]} c5 {[%emt 0:00:01]} 4. e3 {[%emt 0:00:01]} e6 {
[%emt 0:00:03]} 5. b3 {[%emt 0:00:02]} Be7 {[%emt 0:00:05]} 6. Bb2 {[%emt 0:00:
01]} O-O {[%emt 0:00:01]} 7. Bd3 {[%emt 0:00:02]} Nc6 {[%emt 0:00:03]} 8. a3 {
[%emt 0:00:02]} cxd4 {[%emt 0:00:03]} 9. exd4 {[%emt 0:00:02]} d5 {[%emt 0:00:
01]} 10. Qc2 {[%emt 0:00:03]} dxc4 {[%emt 0:00:03]} 11. bxc4 {[%emt 0:00:01]}
Bd7 {[%emt 0:00:01]} 12. Nbd2 {[%emt 0:00:02]} Rc8 {[%emt 0:00:01]} 13. O-O {
[%emt 0:00:02]} b5 {[%emt 0:00:01]} 14. c5 {[%emt 0:00:05]} h6 {[%emt 0:00:06]}
15. Rac1 {[%emt 0:00:02]} Nd5 {[%emt 0:00:02]} 16. Ne5 {[%emt 0:00:09]} Nxe5 {
[%emt 0:00:01]} 17. dxe5 {[%emt 0:00:03]} Bxc5 {[%emt 0:00:04]} 18. Qb1 {[%emt
0:00:12]} Ba7 {[%emt 0:00:05]} 19. Ne4 {[%emt 0:00:06]} Nf4 {[%emt 0:00:06]}
20. Rxc8 {[%emt 0:00:08]} Bxc8 {[%emt 0:00:02]} 21. Nd6 {[%emt 0:00:09]} Nxd3 {
[%emt 0:00:20]} 22. Qxd3 {[%emt 0:00:00]} Bb7 {[%emt 0:00:02]} 23. Rd1 {[%emt
0:00:05]} Bd5 {[%emt 0:00:01]} 24. Ne4 {[%emt 0:00:19]} Qh4 {[%emt 0:00:04]}
25. Ng3 {[%emt 0:00:12]} Qf4 {[%emt 0:00:05]} 26. Qe2 {[%emt 0:00:12]} Rc8 {
[%emt 0:00:04]} 27. Nh5 {[%emt 0:00:17]} Qg5 {[%emt 0:00:02]} 28. Ng3 {[%emt 0:
00:08]} Rc4 {[%emt 0:00:02]} 29. h3 {[%emt 0:00:35]} Qxg3 {[%emt 0:00:04]} 30.
Qf1 {[%emt 0:00:16]} Rf4 {[%emt 0:00:17]} 31. Rd2 {[%emt 0:00:04]} Rf5 {[%emt
0:00:15]} 32. Bd4 {[%emt 0:00:15]} Bxd4 {[%emt 0:00:03]} 33. Rxd4 {[%emt 0:00:
01]} Qxe5 {[%emt 0:00:01]} 34. Qd1 {[%emt 0:00:09]} Rg5 {[%emt 0:00:03]} 35. g4
{[%emt 0:00:03]} h5 {[%emt 0:00:03]} 36. f3 {[%emt 0:00:03]} Qe3+ {[%emt 0:00:
04]} 37. Kh2 {[%emt 0:00:03]} Qf2+ {[%emt 0:00:04] Roefe gibt auf} 0-1

[Event "Benidorm Satellite preliminary"]
[Site "playchess.com #007036"]
[Date "2009.10.24"]
[Round "5"]
[White "sabla"]
[Black "Kingsize"]
[Result "0-1"]
[WhiteElo "1734"]
[BlackElo "1401"]
[PlyCount "60"]
[EventDate "2009.10.24"]
[EventType "swiss (blitz)"]

1. d4 {[%emt 0:00:03]} d5 {[%emt 0:00:01]} 2. Nc3 {[%emt 0:00:01]} e6 {[%emt 0:
00:01]} 3. e4 {[%emt 0:00:01]} Bb4 {[%emt 0:00:02]} 4. e5 {[%emt 0:00:01]} Bd7
{[%emt 0:00:13]} 5. Nf3 {[%emt 0:00:01]} f5 {[%emt 0:00:02]} 6. Bg5 {[%emt 0:
00:03]} Be7 {[%emt 0:00:04]} 7. h4 {[%emt 0:00:01]} Na6 {[%emt 0:00:10]} 8.
Bxa6 {[%emt 0:00:05]} bxa6 {[%emt 0:00:02]} 9. Qe2 {[%emt 0:00:07]} h6 {[%emt
0:00:01]} 10. Bxe7 {[%emt 0:00:03]} Nxe7 {[%emt 0:00:02]} 11. Qxa6 {[%emt 0:00:
01]} O-O {[%emt 0:00:01]} 12. Qd3 {[%emt 0:00:06]} Rb8 {[%emt 0:00:02]} 13. Nd1
{[%emt 0:00:05]} Ng6 {[%emt 0:00:08]} 14. g3 {[%emt 0:00:07]} a6 {[%emt 0:00:
06]} 15. c3 {[%emt 0:00:01]} Bb5 {[%emt 0:00:01]} 16. Qe3 {[%emt 0:00:06]} f4 {
[%emt 0:00:10]} 17. gxf4 {[%emt 0:00:02]} Rxf4 {[%emt 0:00:11]} 18. Rg1 {[%emt
0:00:02]} Re4 {[%emt 0:00:03]} 19. Rxg6 {[%emt 0:00:03]} Rxe3+ {[%emt 0:00:03]}
20. Nxe3 {[%emt 0:00:01]} Bd3 {[%emt 0:00:08]} 21. Rxe6 {[%emt 0:00:10]} Rxb2 {
[%emt 0:00:09]} 22. h5 {[%emt 0:00:35]} Re2+ {[%emt 0:00:05]} 23. Kd1 {[%emt 0:
00:03]} Rxf2 {[%emt 0:00:09]} 24. Ne1 {[%emt 0:00:05]} Be4 {[%emt 0:00:36]} 25.
Rxa6 {[%emt 0:00:10]} Qe8 {[%emt 0:00:15]} 26. e6 {[%emt 0:00:11]} Qb5 {[%emt
0:00:16]} 27. Ra8+ {[%emt 0:00:21]} Kh7 {[%emt 0:00:02]} 28. N3c2 {[%emt 0:00:
12]} Bxc2+ {[%emt 0:00:14]} 29. Kc1 {[%emt 0:00:06]} Be4 {[%emt 0:00:25]} 30.
e7 {[%emt 0:00:05]} Qb2+ {[%emt 0:00:04] sabla resigns} 0-1

[Event "Benidorm Satellite preliminary"]
[Site "playchess.com #007036"]
[Date "2009.10.24"]
[Round "5"]
[White "Diego Hidalgo"]
[Black "Pupu"]
[Result "1/2-1/2"]
[WhiteElo "1866"]
[BlackElo "2055"]
[PlyCount "96"]
[EventDate "2009.10.24"]
[EventType "swiss (blitz)"]

1. e4 {[%emt 0:00:02]} d5 {[%emt 0:00:01]} 2. exd5 {[%emt 0:00:01]} Nf6 {[%emt
0:00:00]} 3. d4 {[%emt 0:00:03]} c6 {[%emt 0:00:01]} 4. dxc6 {[%emt 0:00:03]}
Nxc6 {[%emt 0:00:01]} 5. Nf3 {[%emt 0:00:01]} e5 {[%emt 0:00:02]} 6. dxe5 {
[%emt 0:00:25]} Qxd1+ {[%emt 0:00:02]} 7. Kxd1 {[%emt 0:00:02]} Ng4 {[%emt 0:
00:00]} 8. Ke1 {[%emt 0:00:15]} Bc5 {[%emt 0:00:05]} 9. Be3 {[%emt 0:00:12]}
Bxe3 {[%emt 0:00:01]} 10. fxe3 {[%emt 0:00:01]} Nxe3 {[%emt 0:00:01]} 11. Na3 {
[%emt 0:00:03]} Bf5 {[%emt 0:00:06]} 12. c3 {[%emt 0:00:14]} O-O {[%emt 0:00:
11]} 13. h3 {[%emt 0:00:07]} Rfe8 {[%emt 0:00:07]} 14. Kf2 {[%emt 0:00:02]} Nc2
{[%emt 0:00:03]} 15. Nxc2 {[%emt 0:00:08]} Bxc2 {[%emt 0:00:01]} 16. Bb5 {
[%emt 0:00:05]} Be4 {[%emt 0:00:06]} 17. Rhe1 {[%emt 0:00:11]} Bxf3 {[%emt 0:
00:10]} 18. gxf3 {[%emt 0:00:10]} Rxe5 {[%emt 0:00:04]} 19. Bxc6 {[%emt 0:00:
08]} Rxe1 {[%emt 0:00:01]} 20. Rxe1 {[%emt 0:00:03]} bxc6 {[%emt 0:00:01]} 21.
Re7 {[%emt 0:00:02]} Kf8 {[%emt 0:00:12]} 22. Rc7 {[%emt 0:00:02]} Rb8 {[%emt
0:00:01]} 23. b3 {[%emt 0:00:01]} a5 {[%emt 0:00:02]} 24. Rxc6 {[%emt 0:00:02]}
a4 {[%emt 0:00:01]} 25. b4 {[%emt 0:00:01]} Rd8 {[%emt 0:00:02]} 26. Ke2 {
[%emt 0:00:04]} Re8+ {[%emt 0:00:01]} 27. Kd2 {[%emt 0:00:02]} Rd8+ {[%emt 0:
00:02]} 28. Ke3 {[%emt 0:00:04]} Rd1 {[%emt 0:00:05]} 29. Ra6 {[%emt 0:00:01]}
Rh1 {[%emt 0:00:07]} 30. Rxa4 {[%emt 0:00:04]} Rxh3 {[%emt 0:00:01]} 31. b5 {
[%emt 0:00:01]} Ke7 {[%emt 0:00:07]} 32. b6 {[%emt 0:00:02]} Kd7 {[%emt 0:00:
11]} 33. Rc4 {[%emt 0:00:24]} Rh2 {[%emt 0:00:06]} 34. b7 {[%emt 0:00:02]} Rb2
{[%emt 0:00:01]} 35. Rb4 {[%emt 0:00:01]} Rxb4 {[%emt 0:00:02]} 36. cxb4 {
[%emt 0:00:01]} Kc7 {[%emt 0:00:00]} 37. a4 {[%emt 0:00:03]} Kxb7 {[%emt 0:00:
02]} 38. a5 {[%emt 0:00:11]} h5 {[%emt 0:00:02]} 39. b5 {[%emt 0:00:03]} h4 {
[%emt 0:00:01]} 40. f4 {[%emt 0:00:13]} g6 {[%emt 0:00:05]} 41. Kf3 {[%emt 0:
00:03]} f6 {[%emt 0:00:01]} 42. Kg4 {[%emt 0:00:25]} g5 {[%emt 0:00:01]} 43.
fxg5 {[%emt 0:00:04]} fxg5 {[%emt 0:00:01]} 44. a6+ {[%emt 0:00:09]} Kb6 {
[%emt 0:00:01]} 45. Kh3 {[%emt 0:00:02]} Ka7 {[%emt 0:00:02]} 46. Kg4 {[%emt 0:
00:01]} Kb6 {[%emt 0:00:00]} 47. Kh3 {[%emt 0:00:03]} Ka7 {[%emt 0:00:01]} 48.
Kg4 {[%emt 0:00:01]} Kb6 {[%emt 0:00:01]} 1/2-1/2

[Event "Benidorm Satellite preliminary"]
[Site "playchess.com #007036"]
[Date "2009.10.24"]
[Round "5"]
[White "Franky Bono"]
[Black "Borya_ider"]
[Result "0-1"]
[WhiteElo "2052"]
[BlackElo "2663"]
[PlyCount "92"]
[EventDate "2009.10.24"]
[EventType "swiss (blitz)"]

1. d4 {[%emt 0:00:01]} e6 {[%emt 0:00:01]} 2. c4 {[%emt 0:00:01]} Nf6 {[%emt 0:
00:01]} 3. Nc3 {[%emt 0:00:01]} Bb4 {[%emt 0:00:03]} 4. e3 {[%emt 0:00:01]} c5
{[%emt 0:00:02]} 5. Bd3 {[%emt 0:00:01]} Nc6 {[%emt 0:00:04]} 6. Nge2 {[%emt 0:
00:01]} d5 {[%emt 0:00:07]} 7. dxc5 {[%emt 0:00:01]} Bxc5 {[%emt 0:00:01]} 8.
cxd5 {[%emt 0:00:02]} Nxd5 {[%emt 0:00:02]} 9. Nxd5 {[%emt 0:00:03]} Qxd5 {
[%emt 0:00:01]} 10. O-O {[%emt 0:00:05]} O-O {[%emt 0:00:01]} 11. Nc3 {[%emt 0:
00:01]} Qe5 {[%emt 0:00:07]} 12. a3 {[%emt 0:00:15]} Rd8 {[%emt 0:00:02]} 13.
Qc2 {[%emt 0:00:03]} h6 {[%emt 0:00:05]} 14. Rd1 {[%emt 0:00:15]} Bd6 {[%emt 0:
00:05]} 15. g3 {[%emt 0:00:02]} b6 {[%emt 0:00:05]} 16. b4 {[%emt 0:00:06]} Bb7
{[%emt 0:00:03]} 17. Bb2 {[%emt 0:00:04]} Qh5 {[%emt 0:00:01]} 18. Be2 {[%emt
0:00:07]} Qh3 {[%emt 0:00:02]} 19. Bf3 {[%emt 0:00:02]} Rac8 {[%emt 0:00:01]}
20. Qe2 {[%emt 0:00:03]} Ba8 {[%emt 0:00:07]} 21. Ne4 {[%emt 0:00:03]} Be5 {
[%emt 0:00:11]} 22. Bg2 {[%emt 0:00:04]} Qf5 {[%emt 0:00:03]} 23. Rxd8+ {[%emt
0:00:09]} Rxd8 {[%emt 0:00:02]} 24. Bxe5 {[%emt 0:00:07]} Nxe5 {[%emt 0:00:03]}
25. Nc3 {[%emt 0:00:07]} Bf3 {[%emt 0:00:04]} 26. Bxf3 {[%emt 0:00:04]} Nxf3+ {
[%emt 0:00:01]} 27. Kg2 {[%emt 0:00:03]} Ng5 {[%emt 0:00:01]} 28. g4 {[%emt 0:
00:10]} Qe5 {[%emt 0:00:03]} 29. Rc1 {[%emt 0:00:11]} Ne4 {[%emt 0:00:08]} 30.
Nxe4 {[%emt 0:00:12]} Qxe4+ {[%emt 0:00:01]} 31. f3 {[%emt 0:00:01]} Qe5 {
[%emt 0:00:02]} 32. Rc2 {[%emt 0:00:02]} Qd5 {[%emt 0:00:02]} 33. e4 {[%emt 0:
00:04]} Qd4 {[%emt 0:00:03]} 34. Qc4 {[%emt 0:00:05]} Qe3 {[%emt 0:00:03]} 35.
Qc3 {[%emt 0:00:06]} Rd3 {[%emt 0:00:01]} 36. Qc8+ {[%emt 0:00:04]} Kh7 {[%emt
0:00:01]} 37. Rf2 {[%emt 0:00:03]} Rxa3 {[%emt 0:00:02]} 38. Qd7 {[%emt 0:00:
03]} Qf4 {[%emt 0:00:02]} 39. Qe7 {[%emt 0:00:19]} a6 {[%emt 0:00:03]} 40. Qb7
{[%emt 0:00:04]} b5 {[%emt 0:00:05]} 41. Qa7 {[%emt 0:00:03]} Ra4 {[%emt 0:00:
07]} 42. Qd4 {[%emt 0:00:05]} Ra3 {[%emt 0:00:04]} 43. Qb6 {[%emt 0:00:03]} h5
{[%emt 0:00:22]} 44. h3 {[%emt 0:00:02]} h4 {[%emt 0:00:01]} 45. Qc5 {[%emt 0:
00:13]} g6 {[%emt 0:00:09]} 46. Qc2 {[%emt 0:00:19]} Ra1 {[%emt 0:00:03]
Franky Bono resigns} 0-1

[Event "Benidorm Satellite preliminary"]
[Site "playchess.com #007036"]
[Date "2009.10.24"]
[Round "5"]
[White "Chessir"]
[Black "Kshorg"]
[Result "0-1"]
[WhiteElo "1974"]
[BlackElo "1705"]
[PlyCount "56"]
[EventDate "2009.10.24"]
[EventType "swiss (blitz)"]

1. e4 {[%emt 0:00:02]} g6 {[%emt 0:00:02]} 2. h4 {[%emt 0:00:03]} h6 {[%emt 0:
00:02]} 3. h5 {[%emt 0:00:02]} g5 {[%emt 0:00:03]} 4. d4 {[%emt 0:00:01]} d6 {
[%emt 0:00:02]} 5. f4 {[%emt 0:00:01]} e6 {[%emt 0:00:16]} 6. fxg5 {[%emt 0:00:
03]} hxg5 {[%emt 0:00:01]} 7. g4 {[%emt 0:00:09]} Nd7 {[%emt 0:00:09]} 8. Nf3 {
[%emt 0:00:03]} Bh6 {[%emt 0:00:05]} 9. Bd3 {[%emt 0:00:18]} b6 {[%emt 0:00:13]
} 10. e5 {[%emt 0:00:08]} dxe5 {[%emt 0:00:05]} 11. dxe5 {[%emt 0:00:02]} Bb7 {
[%emt 0:00:03]} 12. O-O {[%emt 0:00:03]} Qe7 {[%emt 0:00:07]} 13. Qe2 {[%emt 0:
00:21]} O-O-O {[%emt 0:00:08]} 14. Ba6 {[%emt 0:00:22]} Bxa6 {[%emt 0:00:38]}
15. Qxa6+ {[%emt 0:00:02]} Kb8 {[%emt 0:00:04]} 16. Be3 {[%emt 0:00:08]} Nc5 {
[%emt 0:00:10]} 17. Qa3 {[%emt 0:00:23]} Nb7 {[%emt 0:00:25]} 18. Qxe7 {[%emt
0:00:05]} Nxe7 {[%emt 0:00:01]} 19. Bxg5 {[%emt 0:00:44]} Bxg5 {[%emt 0:00:09]}
20. Nxg5 {[%emt 0:00:03]} Rhg8 {[%emt 0:00:25]} 21. Nxf7 {[%emt 0:00:01]} Rxg4+
{[%emt 0:00:03]} 22. Kf2 {[%emt 0:00:13]} Rf8 {[%emt 0:00:11]} 23. Ke1 {[%emt
0:00:04]} Nf5 {[%emt 0:00:06]} 24. Nh6 {[%emt 0:00:04]} Re4+ {[%emt 0:00:02]}
25. Kd1 {[%emt 0:00:03]} Ne3+ {[%emt 0:00:01]} 26. Ke2 {[%emt 0:00:05]} Nxf1+ {
[%emt 0:00:02]} 27. Kd3 {[%emt 0:00:01]} Re3+ {[%emt 0:00:04]} 28. Kd4 {[%emt
0:00:02]} Rf4# {[%emt 0:00:02]} 0-1

[Event "Benidorm Satellite preliminary"]
[Site "playchess.com #007036"]
[Date "2009.10.24"]
[Round "5"]
[White "Yang Guo"]
[Black "-st!er-"]
[Result "0-1"]
[WhiteElo "2802"]
[BlackElo "2829"]
[PlyCount "82"]
[EventDate "2009.10.24"]
[EventType "swiss (blitz)"]

1. e4 {[%emt 0:00:01]} c5 {[%emt 0:00:01]} 2. Nf3 {[%emt 0:00:01]} e6 {[%emt 0:
00:01]} 3. d4 {[%emt 0:00:01]} cxd4 {[%emt 0:00:00]} 4. Nxd4 {[%emt 0:00:00]}
a6 {[%emt 0:00:00]} 5. Nc3 {[%emt 0:00:02]} Qc7 {[%emt 0:00:01]} 6. Be3 {[%emt
0:00:01]} Nf6 {[%emt 0:00:02]} 7. Bd3 {[%emt 0:00:01]} Nc6 {[%emt 0:00:02]} 8.
O-O {[%emt 0:00:01]} Be7 {[%emt 0:00:07]} 9. Kh1 {[%emt 0:00:22]} b5 {[%emt 0:
00:24]} 10. Nxc6 {[%emt 0:00:08]} dxc6 {[%emt 0:00:04]} 11. a4 {[%emt 0:00:06]}
b4 {[%emt 0:00:01]} 12. Na2 {[%emt 0:00:04]} c5 {[%emt 0:00:01]} 13. Qe2 {
[%emt 0:00:13]} Bb7 {[%emt 0:00:05]} 14. f3 {[%emt 0:00:04]} O-O {[%emt 0:00:
01]} 15. c3 {[%emt 0:00:03]} a5 {[%emt 0:00:01]} 16. Bc4 {[%emt 0:00:11]} Bd6 {
[%emt 0:00:05]} 17. Bg1 {[%emt 0:00:05]} Nd7 {[%emt 0:00:09]} 18. cxb4 {[%emt
0:00:08]} axb4 {[%emt 0:00:01]} 19. Nc1 {[%emt 0:00:01]} Nb6 {[%emt 0:00:03]}
20. Bb5 {[%emt 0:00:01]} Rfd8 {[%emt 0:00:12]} 21. Nd3 {[%emt 0:00:07]} c4 {
[%emt 0:00:02]} 22. Ne1 {[%emt 0:00:27]} c3 {[%emt 0:00:06]} 23. bxc3 {[%emt 0:
00:03]} bxc3 {[%emt 0:00:00]} 24. Nc2 {[%emt 0:00:00]} Bc5 {[%emt 0:00:07]} 25.
a5 {[%emt 0:00:12]} Bxg1 {[%emt 0:00:04]} 26. Rxg1 {[%emt 0:00:04]} Nc8 {[%emt
0:00:09]} 27. a6 {[%emt 0:00:02]} Bc6 {[%emt 0:00:04]} 28. Qc4 {[%emt 0:00:02]}
Na7 {[%emt 0:00:05]} 29. Ba4 {[%emt 0:00:07]} Rdc8 {[%emt 0:00:09]} 30. Rgc1 {
[%emt 0:00:08]} Bxa4 {[%emt 0:00:09]} 31. Qxa4 {[%emt 0:00:00]} g6 {[%emt 0:00:
04]} 32. Ne3 {[%emt 0:00:04]} Qc5 {[%emt 0:00:01]} 33. Ng4 {[%emt 0:00:20]} h5
{[%emt 0:00:02]} 34. Nf6+ {[%emt 0:00:02]} Kg7 {[%emt 0:00:01]} 35. Nd7 {[%emt
0:00:00]} Qe3 {[%emt 0:00:06]} 36. Rc2 {[%emt 0:00:08]} Rc7 {[%emt 0:00:08]}
37. h3 {[%emt 0:00:35]} Rd8 {[%emt 0:00:03]} 38. Rd1 {[%emt 0:00:03]} h4 {
[%emt 0:00:13]} 39. e5 {[%emt 0:00:10]} Nc6 {[%emt 0:00:02]} 40. f4 {[%emt 0:
00:01]} Rdxd7 {[%emt 0:00:02]} 41. Rxd7 {[%emt 0:00:02]} Rxd7 {[%emt 0:00:01]
Yang Guo resigns} 0-1

[Event "Benidorm Satellite preliminary"]
[Site "playchess.com #007036"]
[Date "2009.10.24"]
[Round "5"]
[White "TheMaster15"]
[Black "Came On"]
[Result "1-0"]
[WhiteElo "2336"]
[BlackElo "2643"]
[PlyCount "111"]
[EventDate "2009.10.24"]
[EventType "swiss (blitz)"]

1. e4 {[%emt 0:00:01]} e5 {[%emt 0:00:02]} 2. Nf3 {[%emt 0:00:01]} Nc6 {[%emt
0:00:01]} 3. Nc3 {[%emt 0:00:01]} Nf6 {[%emt 0:00:01]} 4. Bb5 {[%emt 0:00:01]}
Bd6 {[%emt 0:00:01]} 5. Bxc6 {[%emt 0:00:03]} dxc6 {[%emt 0:00:01]} 6. d4 {
[%emt 0:00:00]} Qe7 {[%emt 0:00:01]} 7. Bg5 {[%emt 0:00:08]} Bg4 {[%emt 0:00:
02]} 8. dxe5 {[%emt 0:00:24]} Bxe5 {[%emt 0:00:02]} 9. O-O {[%emt 0:00:02]} h6
{[%emt 0:00:03]} 10. Bxf6 {[%emt 0:00:10]} Qxf6 {[%emt 0:00:03]} 11. Qd3 {
[%emt 0:00:04]} Rd8 {[%emt 0:00:02]} 12. Qe3 {[%emt 0:00:28]} Bxf3 {[%emt 0:00:
05]} 13. Qxf3 {[%emt 0:00:07]} Bxc3 {[%emt 0:00:08]} 14. Qxc3 {[%emt 0:00:20]}
Qxc3 {[%emt 0:00:01]} 15. bxc3 {[%emt 0:00:00]} Rd2 {[%emt 0:00:01]} 16. Rac1 {
[%emt 0:00:01]} Ke7 {[%emt 0:00:01]} 17. Rfd1 {[%emt 0:00:09]} Rhd8 {[%emt 0:
00:01]} 18. Rxd2 {[%emt 0:00:01]} Rxd2 {[%emt 0:00:00]} 19. Kf1 {[%emt 0:00:00]
} Ke6 {[%emt 0:00:07]} 20. Ke1 {[%emt 0:00:01]} Rd8 {[%emt 0:00:00]} 21. Ke2 {
[%emt 0:00:02]} c5 {[%emt 0:00:13]} 22. Rd1 {[%emt 0:00:11]} Rd6 {[%emt 0:00:
25]} 23. Rxd6+ {[%emt 0:00:14]} cxd6 {[%emt 0:00:00]} 24. c4 {[%emt 0:00:02]}
f5 {[%emt 0:00:03]} 25. Ke3 {[%emt 0:00:17]} a6 {[%emt 0:00:02]} 26. a4 {[%emt
0:00:01]} b6 {[%emt 0:00:03]} 27. h4 {[%emt 0:00:11]} g5 {[%emt 0:00:03]} 28.
hxg5 {[%emt 0:00:02]} hxg5 {[%emt 0:00:00]} 29. f4 {[%emt 0:00:10]} g4 {[%emt
0:00:11]} 30. exf5+ {[%emt 0:00:08]} Kxf5 {[%emt 0:00:04]} 31. g3 {[%emt 0:00:
01]} d5 {[%emt 0:00:51] '} 32. cxd5 {[%emt 0:00:03]} b5 {[%emt 0:00:00]} 33.
axb5 {[%emt 0:00:01]} axb5 {[%emt 0:00:00]} 34. Kd3 {[%emt 0:00:08]} Kf6 {
[%emt 0:00:01]} 35. Ke4 {[%emt 0:00:01]} Ke7 {[%emt 0:00:04]} 36. Ke5 {[%emt 0:
00:01]} Kd7 {[%emt 0:00:10]} 37. f5 {[%emt 0:00:02]} b4 {[%emt 0:00:01]} 38. f6
{[%emt 0:00:06]} c4 {[%emt 0:00:00]} 39. Kd4 {[%emt 0:00:22]} c3 {[%emt 0:00:
03]} 40. Kc4 {[%emt 0:00:03]} Ke8 {[%emt 0:00:00]} 41. Kxb4 {[%emt 0:00:01]}
Kf7 {[%emt 0:00:00]} 42. Kxc3 {[%emt 0:00:04]} Kxf6 {[%emt 0:00:00]} 43. Kd4 {
[%emt 0:00:00]} Ke7 {[%emt 0:00:01]} 44. c4 {[%emt 0:00:01]} Kd6 {[%emt 0:00:
00]} 45. c5+ {[%emt 0:00:00]} Kd7 {[%emt 0:00:00]} 46. Ke5 {[%emt 0:00:01]} Ke7
{[%emt 0:00:00]} 47. d6+ {[%emt 0:00:01]} Kd7 {[%emt 0:00:00]} 48. Kd5 {[%emt
0:00:01]} Kd8 {[%emt 0:00:00]} 49. c6 {[%emt 0:00:01]} Kc8 {[%emt 0:00:00]} 50.
Ke6 {[%emt 0:00:01]} Kd8 {[%emt 0:00:00]} 51. Kf5 {[%emt 0:00:01]} Ke8 {[%emt
0:00:00]} 52. Kxg4 {[%emt 0:00:00]} Kf7 {[%emt 0:00:00]} 53. Kf5 {[%emt 0:00:
00]} Kg7 {[%emt 0:00:00]} 54. c7 {[%emt 0:00:01]} Kh7 {[%emt 0:00:00]} 55. c8=Q
{[%emt 0:00:03]} Kh6 {[%emt 0:00:01]} 56. Qh8# {[%emt 0:00:02]} 1-0